Je sexuálna aktivita pacientov po infarkte myokardu riziková?

Bibliographic Details
Main Author: Švec, Pavel, 1940-2015 (Author)
Format: Article
Language:Slovak
PhysicalDescription:Obr.
ISSN:1335-924X
Subjects:

MARC

LEADER 00000nab a2200000 a 4500
001 vtls001517187
003 SK-MaSNL
005 20260304141822.0
008 250505c2004 xo 0 slo
015 |a SNBCL2005/2 
035 |a SLK029896 
035 |a urn:nbn:sk:snk-ab2kkk 
035 |a (urnnbn)urn:nbn:sk:snk:ar-a02kjh 
035 |a (uuid)7433f31e-dae3-43d1-b12a-97251d324dfb 
040 |a SNKBUCL  |b slo  |c SNKBUCL  |e AACR2 
041 0 |a slo 
044 |a xo  |c SK 
080 |a 616.127-005.8:613.88  |2 1981 
100 1 |a Švec, Pavel,  |d 1940-2015  |4 aut  |9 178265 
245 1 0 |a Je sexuálna aktivita pacientov po infarkte myokardu riziková?  |c Pavel Švec 
300 |b Obr. 
650 0 7 |a kardiovaskulárne choroby  |2 MESH  |9 2500 
650 0 7 |a infarkt myokardu  |2 MESH  |9 2496 
650 0 7 |a sexuálne správanie  |2 MESH  |9 71363 
650 0 7 |a námaha  |2 MESH  |9 845536 
650 0 7 |a faktory rizikové  |2 MESH  |9 838956 
650 0 7 |a riziko  |2 MESH  |9 19516 
773 0 |t Lekárnik  |g Roč. 9, č. 11 (2004), s. 29  |x 1335-924X 
850 |a Slovenská národná knižnica 
852 |a Slovenská národná knižnica 
954 |a odborná, vedecká literatúra pôvodná (slovenská)  |2 lita 
958 |a article27 
958 |a OND 
958 |a EUIPO 
999 |c 2919713  |d 2921643